00490 a2200145 4500010001400000020002200014035001300036037001500049082001100064100001800075245007200093260007200165270008200237300002500319 aENG-86856 a8179940306c45.00 aEN-70389 bDBAD / PUB14a220.221 aKashyap, R.L.1 aVeda mantras and suktas :cby R.L.Kashyapbwidely used in worship / aBangalorebSri Aurobindo Kapali Sastry Inst. of Vedic Culturec2004 a 63, 13th Main, 4th Block East, JayanagarbBangaloree560 011minfo@vedah.com aix, 149pc22cm (Pbk)